Problemática y perspectivas de la modernización del servicio civil /
Expresa los esfuerzos realizados para impulsar un programa de reforma de los regímenes del empleo público, a la luz del proceso de modernización del estado y elabora un diagnóstico y problemática del recurso humano del sector público. Concluye delinenando algunas perspectivas sobre la modernización...
Na minha lista:
| Autor principal: | |
|---|---|
| Outros Autores: | , , , |
| Formato: | Texto |
| Tags: |
Adicionar Tag
Sem tags, seja o primeiro a adicionar uma tag!
|
MARC
| LEADER | 00000 a a2200000 04500 | ||
|---|---|---|---|
| 001 | 14090 | ||
| 003 | |||
| 040 | |||
| 100 | |a Zúñiga Amador, Amílcar | ||
| 245 | |a Problemática y perspectivas de la modernización del servicio civil / |c Amílcar Zúñiga Amador ; Georgina Argeñal ; Héctor Palacio Quintana ; José Melchor Rodríguez Mendoza ; María del Rosario Cobar | ||
| 520 | |a Expresa los esfuerzos realizados para impulsar un programa de reforma de los regímenes del empleo público, a la luz del proceso de modernización del estado y elabora un diagnóstico y problemática del recurso humano del sector público. Concluye delinenando algunas perspectivas sobre la modernización y el fortalecimiento de la Dirección General de Servicio Civil. REV//jmml | ||
| 700 | |a Argeñal, Georgina | ||
| 700 | |a Palacio Quintana, Héctor | ||
| 700 | |a Rodríguez Mendoza, José Melchor | ||
| 700 | |a Cobar, María del Rosario | ||
| 773 | |g número 30 -31; páginas 107-127 | ||
| 999 | |c 34947 |d 34947 | ||
